000 00556pab a2200193 454500
008 180718b2008 xxu||||| |||| 00| 0 eng d
100 _aIyengar, Radhika
245 _aEducation policy and practice: case studies from Delhi and Mumbai
260 _c2008
300 _ap.63-69.
362 _a20 Sep
650 _aEducational policy - India - Maharashtra
650 _aEducational policy - India - Delhi
650 _aEducational policy
700 _aSuriananain, Sharmi
773 _aEconomic and Political Weekly
908 _aN
909 _a79590
999 _c79590
_d79590